| 000 | 00452nam a22001697a 4500 | ||
|---|---|---|---|
| 003 | OSt | ||
| 005 | 20250716032510.0 | ||
| 008 | 250716b |||||||| |||| 00| 0 eng d | ||
| 020 | _a 0440236819 | ||
| 040 |
_aDWCL - Main lib _cOC |
||
| 082 | _aFic. S813c 2002 | ||
| 100 | _aSteel, Danielle | ||
| 245 |
_aThe cottage/ _cDanielle Steel |
||
| 260 |
_a New York : _b Bantam Dell, _cc2002. |
||
| 300 |
_a387 pages ; _c18 cm. |
||
| 942 |
_2ddc _cFIC. _kFic. _n0 |
||
| 999 |
_c3702 _d3702 |
||